00643nam a2200193Ia 4500008004100000020001500041082001800056100001500074245003600089250000800125260003300133300001100166500002400177650001600201942000700217952010500224952010500329999001500434230524s9999 xx 000 0 und d a8177000497 a621.3821bSAH aS.K.Sahdev 0aElectronic Devices and Circuits a3RD aNEW DELHIbDhanpat Raic2001 aXV;699 aQuantity Number: 2 aElectronics cBK 00104070aTATCLbTATCLcGENd2023-05-24l0o621.3821 SAHp6504r2023-05-24w2023-05-24yBKzBE2102 00104070aTATCLbTATCLcGENd2023-05-24l0o621.3821 SAHp6670r2023-05-24w2023-05-24yBKzBE2102 c9892d9892